| 000 | 00368nam a2200121Ia 4500 | ||
|---|---|---|---|
| 008 | 250110s9999 xx 000 0 und d | ||
| 041 | _aeng | ||
| 100 |
_aChaskar Sonali S _9182361 |
||
| 245 | _aSustainable Landscape Development Of Group Housing In Nashik | ||
| 260 |
_bM Arch Landscape, Pune _c2012 |
||
| 300 | _a75p | ||
| 700 |
_aGuide Name:Sahstrabuddhe Swati _9210031 |
||
| 999 |
_c363224 _d363224 |
||